Řízení bezpečnosti a ochrany zdraví při práci

Na minha lista:
Detalhes bibliográficos
Autor principal: Bauer, Miroslav
Formato: Livro
Idioma:tcheco
Publicado em: Praha Práce 1988
Edição:1. vyd.
Colecção:Příručky Práce
Tags: Adicionar Tag
Sem tags, seja o primeiro a adicionar uma tag!

MARC

LEADER 00000nam a2200000 4500
001 c035054
005 20240729095023.8
041 0 |a cze 
044 |a CZ 
245 1 0 |a Řízení bezpečnosti a ochrany zdraví při práci  |c Miroslav Bauer 
250 |a 1. vyd. 
264 1 |a Praha  |b Práce  |c 1988 
300 |a 131 s. 
490 1 |a Příručky Práce 
830 0 |a Příručky Práce 
100 1 |a Bauer, Miroslav